000
00246nam a22001097a 4500
082
_a
903 TUN'C
100
_a
TUNNEY, C.J
_9
76631
245
_a
CONCISE ENCYCLOPEDIA OF GEOGRAPHY
260
_a
LONDON
_b
PURNELL
_c
1976
300
_a
255P
942
_c
BK
999
_c
581978
_d
581978